7= 7 histórias com animais da montanha (Registo nº 3952)

Detalhes MARC
000 -Etiqueta do registo
Cabeçalho 00628nam a2200229 4500
005 - Identificador da versão
Campo de controlo 20240813122049.0
010 ## - Número internacional normalizado dos livros (ISBN)
Número (ISBN) 9725749651
100 ## - Dados gerais de processamento
Dados gerais de processamento 20010703d1999 a y0pory5003 ba
102 ## - Pais de publicação ou produção
País de publicação Portugal
101 0# - Língua de publicação
Língua do texto, banda sonora, etc. Português
215 ## - Descrição física 
Indicação específica da natureza do documento e extensão da espécie [28]p
Outras indicações físicas il
Dimensões 30cm
200 1# - Titulo e menção de responsabilidade
Título próprio 7= 7 histórias com animais da montanha
Primeira menção de responsabilidade Diana Gomes
Outras menções de responsabilidade ilustração de Maria João Lopes
225 1# - Colecção 
Título próprio da colecção Uma Semana de Histórias para Ver e Ler Juntos
Indicação de volume 1
205 ## - Menção da edição
Menção da edição 1ªed
210 ## - Publicação, Distribuição, etc. 
Lugar da edição, distribuição, etc. Sintra
Nome do editor, distribuidor, etc. Impala
Data da publicação, distribuição, etc. 1999
675 ## - Classificação Decimal Universal (CDU)
Notação 869.0-3
Edição 2
Língua da edição por
700 #1 - Nome de autor-pessoa física (responsabilidade principal)
Número de registo de entrada de autoridade 0000435
Palavra de ordem Gomes
Outra parte do nome não tomada para palavra de ordem Diana
942 ## - Elementos de entrada adicionados (Koha)
Tipo de item no Koha Livro
Exemplares
Situação do levantamento Origin of item (home branch) (coded) Biblioteca de empréstimo Código de barras Cota Circulation type (not for loan) Tipo de documento Nota do exemplar Damaged status
  Biblioteca Escolar das Vendas Biblioteca Escolar das Vendas BEV1791 8POR GOM   Livro Sem mensagem